000
00378nam a22001697a 4500
003
MPLRDC
005
20220104123755.0
008
210129b ||||| |||| 00| 0 eng d
082
_a
192.32 LZCS
100
_a
不详
245
_a
训练口才术
_c
260
_a
_b
新象书店
_c
1984
300
_b
平
490
_a
励志丛书
650
_a
942
_c
BK
_o
192.32 LZCS
999
_c
14087
_d
14077